000 00819nmc a2200289 a 4500
003 AR-BaBNM
005 20251128211730.0
008 096020s2005 ||||||||||||||000 | spa||
020 _a987-563-053-5
040 _cAR-BaBNM
100 1 _aCorro, Gaspar Pío del
245 1 0 _aLugones
250 _a1ª ed.
260 _aCórdoba
_bDel Copista
_c2005
300 0 _a186 p.
490 0 _aBiblioteca de estudios literarios
_vv. 6
500 0 _aEl presente ejemplar contiene dedicatoria manuscrita del autor a la Biblioteca Nacional de Maestros
650 4 _aLITERATURA ARGENTINA
650 4 _aCRITICA LITERARIA
650 4 _aVIDA LITERARIA
650 4 _aANALISIS LITERARIO
650 4 _aENSAYO
655 _aLITERATURA
800 1 _aTeobaldi, Daniel Gustavo
_edirector
942 _cBK
998 _cmartin
999 _c20881
_d20881